000 00663nam a22002417a 4500
001 BR9507536
003 BR-BrBNA
005 20230928094723.0
007 ta
008 230509b bl.||||| |||| 00| 0 por d
040 _aBR-BrBNA
_bpor
_cBiblioteca Nacional de Agricultura
041 _a(Por)
072 _aE14
090 _ E14 BR9507536
110 1 _aGoverno do Brasil, Brasilia, DF (Brasil)
_95256
245 1 _aBrasil. Um projeto de reconstrucao nacional
260 3 _aBrasilia, DF (Brasil):
_c[nd].
300 _a77 p.
650 _aPolitica de Desenvolvimento
650 _aProjeto Agricola
909 _a202309
_bLucia
_c55
_dLucia Elande
942 _cBK
999 _c52265
_d52265